000 00795nam a2200241 i 4500
001 bgj
100 1 _aPELLMAN, Rachel Thomas.
245 1 0 _aHow to make an Amish quilt :
_bmore than 80 beautiful patterns from the quilting heartland of America /
_cRachel and Kenneth Pellman ; pattern illustrations by Craig N. Heisey.
260 _aEmmaus, Pa :
_bRodale Press,
_cc. 1989.
300 _a288 pp :
_bill. ;
_c28 cm.
504 _aBibliography p. 185.
505 _aIncludes index.
650 9 _aQuilting
_xPatterns
650 9 _aQuilts, |Amish
700 1 _aPELLMAN, Kenneth
_d(1952- ).
_eco-author
700 1 _aHEISEY, Craig N.
_eill.
020 _a0878578641
040 _cBPK
041 0 _aeng
920 _a0-87857-864-1
942 _cKS
008 s uk f |000 0 eng
999 _c47542
_d47542
856 _uhttp://koha.tu.koszalin.pl/cgi-bin/koha/opac-detail.pl?biblionumber=47542
_yKatalog online BPK